| 000 | 00468nam a2200193Ia 4500 | ||
|---|---|---|---|
| 008 | 170918s9999 xx 000 0 und d | ||
| 020 | _a151002649 | ||
| 050 | _bL864su 1997 | ||
| 100 | _aLopez, Steve | ||
| 245 | 4 | _aThe Sunday macaroni club / | |
| 245 | _cby Steve Lopez. | ||
| 250 | _aFirst edition | ||
| 260 | _aOrlando, Florida : | ||
| 260 | _bHarcourt Brace, | ||
| 260 | _c1997 | ||
| 300 | _a367 pages : | ||
| 300 | _billustrations ; | ||
| 300 | _c23cm. | ||
| 999 |
_c343739 _d343739 |
||